|
|
|
|
| LEADER |
00000nam a2200000Ii 4500 |
| 001 |
DIGANBSCH0022 |
| 003 |
NyNyDIG |
| 006 |
m o d |
| 007 |
cr ||||||||||| |
| 008 |
240103s2017 sp o 000 0bspa d |
| 035 |
|
|
|a (OCoLC)1106526118
|
| 040 |
|
|
|a DGITA
|b eng
|e rda
|e pn
|c DGITA
|
| 020 |
|
|
|a 9788494737657
|q eBook
|
| 020 |
|
|
|z 9788494737633
|
| 043 |
|
|
|a e-sp---
|
| 050 |
1 |
4 |
|a ML410.V63 ebook
|
| 082 |
0 |
4 |
|a 783.0924
|2 23
|
| 100 |
1 |
|
|a Soler, Josep,
|e author.
|
| 245 |
1 |
0 |
|a Tomás Luis de Victoria :
|b música en la ciudad celeste /
|c Josep Soler.
|
| 264 |
|
1 |
|a Barcelona :
|b Antoni Bosch editor,
|c [2017]
|
| 300 |
|
|
|a 1 online resource.
|
| 336 |
|
|
|a text
|b txt
|2 rdacontent
|
| 337 |
|
|
|a computer
|b c
|2 rdamedia
|
| 338 |
|
|
|a online resource
|b cr
|2 rdacarrier
|
| 347 |
|
|
|a text file
|2 rdaft
|
| 347 |
|
|
|b EPUB
|
| 588 |
0 |
|
|a Online resource; title from ePub title page (Digitalia, viewed January 3, 2024)
|
| 600 |
1 |
0 |
|a Victoria, Tomás Luis de,
|d approximately 1548-1611.
|
| 650 |
|
0 |
|a Composers
|z Spain
|v Biography.
|
| 791 |
2 |
|
|a Digitalia (Firm),
|e distributor.
|
| 793 |
0 |
|
|g Digitalia eBook Collection:
|a Antoni Bosch Editor
|
| 776 |
0 |
8 |
|i Print version:
|a Soler, Josep.
|t Tomás Luis de Victoria.
|d Barcelona : Antoni Bosch editor, [2017]
|z 9788494737633
|
| 856 |
4 |
0 |
|3 Digitalia Hispánica
|u https://www.digitaliapublishing.com/a/97039/
|
| 910 |
|
|
|a Premium collection: 2024
|